000 00307nam a2200133Ia 4500
005 20260326100034.0
008 260326s9999||||xx |||||||||||||| ||und||
100 _aRead, Herbert
245 0 _aEducación por el Arte /
_cHerbert Read
260 _bPaidós
300 _a300 p.
650 _aARTE
942 _cBK
999 _c6724
_d6724